| 000 | 00709nam a2200133Ia 4500 | ||
|---|---|---|---|
| 008 | 151213s9999 xx 000 0 und d | ||
| 100 | _aমো: আবুল কালাম আজাদ। | ||
| 245 |
_aশিক্ষাণবীশ সিভিল ও ক্রিমিন্াল গাইড - সিভিল ও ক্র্রিমিনাল কেস পরিচালনার পর্যায়ক্রমিক স্তও সহ। _cমো: আবুল কালাম আজাদ। |
||
| 260 |
_aঢাকা _bআদর্শ বুক হাউস। _c2006 |
||
| 300 | _a3210 p. | ||
| 650 | _aLaw | ||
| 700 | _aমো: আবুল কালাম আজাদ। | ||
| 999 |
_c2215 _d2215 |
||